El libro de las pasiones
Guardat en:
| Autor principal: | |
|---|---|
| Format: | Llibre |
| Idioma: | Undetermined |
| Publicat: |
La Habana, Cuba
Cultural
1873
|
| Matèries: | |
| Etiquetes: |
Afegir etiqueta
Sense etiquetes, Sigues el primer a etiquetar aquest registre!
|
MARC
| LEADER | 00000nam a2200000Ia 4500 | ||
|---|---|---|---|
| 008 | 170316s9999 xx 000 0 und d | ||
| 040 | |a cru BVZT | ||
| 090 | |a 860 M-30L | ||
| 100 | |a Montalvo, Juan | ||
| 245 | |a El libro de las pasiones | ||
| 260 | |a La Habana, Cuba | ||
| 260 | |b Cultural | ||
| 260 | |c 1873 | ||
| 300 | |a 329 páginas | ||
| 650 | |a LITERATURA LATINOAMERICANA | ||
| 999 | |c 8946 |d 8946 | ||
| 942 | |c 15 D |h 860 M-30L |2 z | ||
